000 00949aab a2200205 i 4500
001 768714001
003 CO-MdFUSB
005 20240618062715.0
008 240416t1983 ag ||||| |||| 00| 0 spa d
040 _bspa
_cCO-MdFUSB
041 _aspa
100 1 _aCostas, Orlando E. (1941-1987)
_eautor
245 4 _aLos hispanos en los Estados Unidos
_c/ Orlando E. Costas
300 _aVolumen 2, número 3, (septiembre, 1983), páginas: 6 - 11
_c; 27 cm
520 _aLos evangélicos latinoamericanos en Estados Unidos deben cultivar una espiritualidad militante e invertir sus vidas, talentos y recursos para expandir su trabajo en todas las regiones y comunidades de habla hispana. "Porque el reino de Dios no está en palabras, sino en poder".
650 7 _aReligión y cultura
_9388
650 0 _aMisiones
_9154
773 0 _tIglesia y Misión
_049402
_959626
_gVolumen 2, número 3, (septiembre, 1983), páginas: 6 - 11
_qpágina: 6
942 _cANA
999 _c51399
_d51399